000 00539nam a22001817a 4500
005 20150825111834.0
010 _aENG-113546
020 _c399.00
_a9789350099162
035 _aEN- 97078
037 _bDBAD/PUB
082 _aN
100 _aGaurav Parab
245 _aRustom and the last storyeller of Almora /
_cby Gaurav Parab
260 _aGurgaon
_bHachette Book Publishing
_c2015
270 _a4th & 5th Floors, Corporate Center, Plot No. 94, Sector 44
_bGurgaon
_e122003
300 _a270p.
_c21cm(pbk)
942 _2ddc
_cEN
_mGAU
_hN
999 _c95072
_d95072